BUILDERS OF MODERN INDIA/ (Record no. 200008)

MARC details
000 -LEADER
fixed length control field 00657nam a22002057a 4500
005 - DATE AND TIME OF LATEST TRANSACTION
control field 20240108110532.0
010 ## - LCCN (DPL NO)
LC control number ENG-138822
020 ## - INTERNATIONAL STANDARD BOOK NUMBER
Terms of availability 200.00
International Standard Book Number 9789354093753
035 ## - SYSTEM CONTROL NUMBER
System control number EN-122354
037 ## - SOURCE OF ACQUISITION
Source of stock number/acquisition DBAD/PUB
082 ## - DEWEY DECIMAL CLASSIFICATION NUMBER
Classification number 920
Edition number FIFTH
100 ## - MAIN ENTRY--PERSONAL NAME
Personal name MOOKERJEE,K.GIRJA
245 ## - TITLE STATEMENT
Title BUILDERS OF MODERN INDIA/
250 ## - EDITION STATEMENT
Edition statement FIFTH
260 ## - PUBLICATION, DISTRIBUTION, ETC. (IMPRINT)
Place of publication, distribution, etc Delhi
Name of publisher, distributor, etc Publications division
Date of publication, distribution, etc 2022
270 ## - ADDRESS
City Delhi
Address ministry of information and broadcasting, government of india soochna bhawan, CGO complex, lodhi road
Postal code 110003
300 ## - PHYSICAL DESCRIPTION
Extent 146p.
Dimensions 22 cm(pbk)
710 ## - ADDED ENTRY--CORPORATE NAME
Corporate name or jurisdiction name as entry element Roma Chatterjee
Relator term Editor
9 (RLIN) 59600
942 ## - ADDED ENTRY ELEMENTS (KOHA)
Source of classification or shelving scheme Dewey Decimal Classification
Item type English Books
Classification part 920
Call number suffix MOO
Holdings
Withdrawn status Lost status Not for loan Collection code Home library Current library Date acquired Source of acquisition Cost, normal purchase price Full call number Barcode Copy number Cost, replacement price Koha item type
      Non-fiction Sarojini Nagar Sarojini Nagar 08/01/2024 DBAD/PUB 200.00 920 MOO EN-122354 1 200.00 English Books

© Delhi Public Library
Hit Counter
free hit counter